000 01059nam a2200325 4500
003 EG-GICUC
005 20260121101223.0
008 251115s2001 fr ||||fr|||| 00| 0 fre d
020 _a2130518893
040 _a EG-GICUC
_bfre
_c EG-GICUC
_d EG-GICUC
_erda
041 0 _afre
082 0 4 _221
_a341.511
_bKO . T
092 0 4 _221
099 _aLaw1 11 341.511 KO . T 2001
100 1 _aKolb,Robert
_eAuteur
245 1 2 _aTheorie Du Ius Cogens International :
_bEssai De Relecture Du Concept /
_cRobert Kolb.
250 _a1ed
264 1 _aGeneve :
_bDE L'INSTITUT UNIVERSITAIRE DE HAUTES ÉTUDES INTERNATIONALES ,
_c2001.
300 _a401 Pages ;
_c24 cm.
336 _2rda content
_atext
337 _2rda media
_aComputer
338 _2rda carrier
_aOnline Resource
546 _aTexte en français
650 1 _aDroit international public
650 1 _aTribunaux internationaux
700 1 _aGeorges Abi-Saab
_ePréfacier
856 4 0 _uhttps://fll.law.cu.edu.eg/fulltext/bks/B11-00247.pdf
905 _a59
_eHassnaa
942 _2ddc
_n0
_cBK
_e21
999 _c43344
_d43344